[Event "EU-Cup Online Gr-E"]
[Site "Tornelo INT"]
[Date "2021.03.28"]
[Round "8.2"]
[White "Caglar, Sila"]
[Black "Lejeune, Gael"]
[Result "1-0"]
[WhiteElo "2250"]
[BlackElo "2070"]
[PlyCount "79"]
[EventDate "2021.03.27"]
[EventType "team-tourn (rapid)"]
[EventRounds "9"]
[EventCountry "NET"]
[SourceTitle "CBM 201 Extra"]
[Source "ChessBase"]
[SourceDate "2021.05.31"]
[SourceVersion "1"]
[SourceVersionDate "2021.05.31"]
[SourceQuality "1"]
[WhiteTeam "Anatolia Turquoise"]
[BlackTeam "Lexovien"]
[WhiteTeamCountry "TUR"]
[BlackTeamCountry "FRA"]

1. e4 d5 2. exd5 Qxd5 3. Nc3 Qd8 4. d4 Nf6 5. Nf3 Bg4 6. h3 Bh5 7. Be2 e6 8. 0-0 c6 9. Bg5 Be7 10. Re1 0-0 11. Qd2 Nbd7 12. Rad1 Re8 13. Ne5 Nxe5 14. dxe5 Qxd2 15. Rxd2 Bxe2 16. Rdxe2 Nd5 17. Bxe7 Rxe7 18. Ne4 b5 19. Nd6 a5 20. g3 g5 21. Rc1 b4 22. c4 bxc3 23. bxc3 Rb8 24. Kg2 h6 25. c4 Nb4 26. Rc3 c5 27. f4 gxf4 28. gxf4 Nc6 29. Ne4 Nd4 30. Rd2 Rc7 31. Ra3 Rb4 32. Rxa5 f5 33. exf6 Rxc4 34. Ra8+ Kh7 35. Nd6 Kg6 36. Nxc4 Kxf6 37. a4 Kf5 38. Rg8 Kxf4 39. Rg4+ Kf5 40. Rf2+ 1-0

[Event "FRA-ch op-B"]
[Site "Val d'Isere"]
[Date "2002.08.31"]
[Round "10.2"]
[White "Iwaszko, Piotr"]
[Black "Lejeune, Gael"]
[Result "1-0"]
[WhiteElo "2000"]
[BlackElo "1910"]
[PlyCount "67"]
[EventDate "2002.08.20"]
[EventType "swiss"]
[EventRounds "11"]
[EventCountry "FRA"]
[SourceTitle "EXT 2003"]
[Source "ChessBase"]
[SourceDate "2002.11.25"]
[SourceVersion "1"]
[SourceVersionDate "2002.11.25"]
[SourceQuality "1"]

1. d4 c5 2. d5 Nf6 3. c4 d6 4. Nc3 g6 5. e4 Bg7 6. h3 0-0 7. Nf3 Na6 8. Bd3 e6 9. 0-0 exd5 10. cxd5 Nb4 11. Bb1 Re8 12. a3 Na6 13. Re1 h6 14. Bd3 Nc7 15. Bf4 a6 16. a4 b6 17. Qd2 g5 18. Be3 Nd7 19. Rad1 f6 20. Ne2 Ne5 21. Nxe5 fxe5 22. Ng3 Rf8 23. Nh5 Qe8 24. Nxg7 Kxg7 25. h4 Qh5 26. hxg5 hxg5 27. Bxg5 Rh8 28. f3 Bg4 29. Kf2 Kg6 30. Be7 Kf7 31. fxg4 Qxg4 32. Qg5 Qxg5 33. Bxg5 Raf8 34. Kg1 1-0

[Event "FRA-ch op-B"]
[Site "Val d'Isere"]
[Date "2002.08.28"]
[Round "8.1"]
[White "Favreau, Francois"]
[Black "Lejeune, Gael"]
[Result "1-0"]
[WhiteElo "1990"]
[BlackElo "1910"]
[PlyCount "71"]
[EventDate "2002.08.20"]
[EventType "swiss"]
[EventRounds "11"]
[EventCountry "FRA"]
[SourceTitle "EXT 2003"]
[Source "ChessBase"]
[SourceDate "2002.11.25"]
[SourceVersion "1"]
[SourceVersionDate "2002.11.25"]
[SourceQuality "1"]

1. Nf3 g6 2. g3 Bg7 3. Bg2 f5 4. d3 Nf6 5. 0-0 d6 6. Nh4 e6 7. f4 c6 8. c3 Qb6+ 9. e3 Nbd7 10. Qe2 0-0 11. Kh1 e5 12. e4 fxe4 13. dxe4 Nc5 14. fxe5 Bg4 15. Qc4+ Be6 16. Qe2 Nfxe4 17. Rxf8+ Rxf8 18. Be3 d5 19. b4 Qa6 20. Qxa6 Nxa6 21. Bd4 Bg4 22. h3 Be2 23. Bxe4 dxe4 24. Nd2 Bd3 25. Re1 Rd8 26. Nxe4 Nxb4 27. Nf6+ Bxf6 28. exf6 Nc2 29. Re7 Nxd4 30. cxd4 Rxd4 31. Rxb7 Be4+ 32. Kg1 Ra4 33. Rg7+ Kh8 34. g4 Rxa2 35. Re7 Bd5 36. Re8+ 1-0